Filosofía y fenomenología de la religión: cristianismo y religiones

Sparad:
Bibliografiska uppgifter
Huvudupphovsman: Ferrer Arellano, Joaquín (Författare, medförfattare)
Materialtyp: Bok
Språk:spanska
Publicerad: Madrid Ediciones Palabra 2013
Upplaga:1a. ed
Serie:Manuales de Filosofía, 20
Ämnen:
Taggar: Lägg till en tagg
Inga taggar, Lägg till första taggen!

MARC

LEADER 00000cam a2200000 a 4500
001 UCD1094
003 CL-VaPUC
008 160107e20130000sp |||||||||||||||||spa|d
020 |a 9788498408263 
082 0 4 |a 211  |b FER  |2 21 
100 0 |a Ferrer Arellano, Joaquín  |e author  |9 584192 
245 1 0 |a Filosofía y fenomenología de la religión: cristianismo y religiones 
250 |a 1a. ed 
300 |a 393 p 
942 |c BK 
945 |d 20160107 17:53:00  |a dcastane 
260 |a Madrid  |b Ediciones Palabra  |c 2013 
650 0 |a Filosofía de la religión   |9 256017 
650 0 |a Fenomenología  |9 256519 
583 |a last modification  |c 20160107 17:53:00  |k Rodrigo Vera 
490 0 |a Manuales de Filosofía, 20 
999 |c 362519  |d 362517 
952 |0 0  |1 0  |3 erb  |4 0  |6 211_000000000000000_FER_2013  |7 0  |8 A  |9 473814  |a BIBTEO  |b BIBTEO  |i 5260167  |l 2  |m 5  |o 211 FER 2013  |p 5260167  |q 2024-07-31  |r 2021-12-02  |s 2021-12-02  |w 2019-11-24  |y BK  |z Catalogado en:20160107  |k ICR